Gémes Eszter a tarjáni olvasóknál

Elmentve itt :
Bibliográfiai részletek
Dokumentumtípus: Cikk
Megjelent: 1981-10-25
Sorozat:Délmagyarország 71 No. 251
Kulcsszavak:irodalmi estek
Online Access:http://dmarchiv.bibl.u-szeged.hu/119133
LEADER 00409nab a2200145 i 4500
001 delm119133
005 20190612121829.0
008 190612s1981 hu o 0|| hun d
040 |a SZTE Délmagyarország Archívum  |b hun 
041 |a hun 
245 0 0 |a Gémes Eszter a tarjáni olvasóknál  |h [elektronikus dokumentum] 
260 |c 1981-10-25 
300 |a 12 
490 0 |a Délmagyarország  |v 71 No. 251 
695 |a irodalmi estek